000 00666nam a2200265Ia 4500
005 20260121172801.0
008 008 260114s9999 xx 000 0 eng d
020 _a9783030779009
037 _aEBOOK
040 _aCRL
040 _beng
040 _cCRL
041 _2eng
041 _aeng
084 _qCRL
100 _aGarth den Heyer, James F. Albrecht
_91092696
245 0 _aPolice and International Peacekeeping Missions
260 _bSpringer
260 _bSpringer
260 _c2021
856 _uhttps://link.springer.com/openurl?genre=book&isbn=978-3-030-77900-9
942 _cEBOOK
999 _c1658436
_d1658436